00402nam a2200157Ia 4500003000400000008004100004040001600045082001300061100002000074245003600094260004200130300001000172490002500182650001500207650002200222GCL140319s9999 xx 000 0 eng d aGCL / cGCL04a843bM M1 aMAUPASSANT, GUY10aMOTRE COEUR / cMAUPASSANT, GUY a[S.N] : bLE LIVRE DE POCHE ، c1993 a238 P aLE LIVRE DE POCHEv004aLITERATURE04aFRENCH LITERATURE